00446 a2200157 4500010001400000020001100014035001300025037001600038082000800054100002200062245005100084250001200135260004100147270007600188300002400264 aENG-88934 c335.00 aEN-72467 bDBAD / PUB14a5911 aNarang, Ramesh C.1 aDisha's zoology for PMTs /cby Ramesh C. Gupta a4th ed. aNew DelhibDisha Publicationsc2008 aB-32, Basemant, Shivalik Main Road, Malviya Nagar,cNew Delhie110 017 a868p.;c25 cm (pbk)